Logo BPK

Biblioteka

Politechniki Koszalińskiej

Badania nad termicznym rozkładem drewna gatunków tropikalnych i fizykochemicznymi właściwościami otrzymanych produktów / (Rekord nr 10477)

Szczegóły MARC
000 -ETYKIETA REKORDU
podpole kontrolne o stałej długości 02279nam a2200553 i 4500
001 - NUMER KONTROLNY REKORDU
pole kontrolne 10477
003 - IDENTYFIKATOR NUMERU KONTROLNEGO REKORDU
podpole kontrolne KOSZ 005
005 - DATA OSTATNIEJ MODYFIKACJI REKORDU
podpole kontrolne 20200424100914.0
008 - POLE O STAŁEJ DŁUGOŚCI - DANE KONTROLNE
podpole kontrolne o stałej długości 070620s1969 pl a |000 0 pol
015 ## - NUMER BIBLIOGRAFII NARODOWEJ
Numer bibliografii narodowej UWD 1969/5237
035 ## - NUMER SYSTEMOWY
Numer systemowy przejętego rekordu 991036414469705066
035 ## - NUMER SYSTEMOWY
Numer systemowy przejętego rekordu (PL-WaBN)b19780928-48omnis_nlop
035 ## - NUMER SYSTEMOWY
Numer systemowy przejętego rekordu b19780928
035 ## - NUMER SYSTEMOWY
Numer systemowy przejętego rekordu (OCoLC)839151584
035 ## - NUMER SYSTEMOWY
Numer systemowy przejętego rekordu (PL)b0000001978092
035 ## - NUMER SYSTEMOWY
Numer systemowy przejętego rekordu (EXLNZ-48OMNIS_NETWORK)9910114531205606
040 ## - ŹRÓDŁO KATALOGOWANIA
Instytucja, która sporządziła opis WA N
Instytucja, która utworzyła rekord WA N
Język katalogowania KOSZ 005/AR
041 0# - KOD JĘZYKA
Kod języka tekstu pol
Kod języka streszczenia lub abstraktu eng
044 ## - KOD KRAJU WYDAWCY/PRODUCENTA
Kod kraju wydawcy/producenta pl
080 ## - UNIWERSALNA KLASYFIKACJA DZIESIĘTNA - UKD
UKD 674
080 ## - UNIWERSALNA KLASYFIKACJA DZIESIĘTNA - UKD
UKD 674.02/.07
100 1# - NAZWA OSOBOWA
Nazwa osobowa Czechowski, Zdzisław
Określenie rodzaju współpracy Autor
245 10 - TYTUŁ/ODPOWIEDZIALNOŚĆ
Tytuł Badania nad termicznym rozkładem drewna gatunków tropikalnych i fizykochemicznymi właściwościami otrzymanych produktów /
Pozostałe elementy strefy tytułu i oznaczenia odpowiedzialności Zdzisław Czechowski ; Poznańskie Towarzystwo Przyjaciół Nauk. Wydział Nauk Technicznych.
260 ## - STREFA ADRESU WYDAWNICZEGO
Miejsce wydania Poznań :
Nazwa wydawcy/dystrybutora Poznańskie Towarzystwo Przyjaciół Nauk,
Data publikacji, dystrybucji/powstania dokumentu 1969.
300 ## - STREFA OPISU FIZYCZNEGO
Objętość strony 321-289, [1] strona :
Inne cechy fizyczne ilustracje ;
Rozmiary 23 cm.
336 ## - TYP ZAWARTOŚCI
Termin opisujący typ zawartości Tekst
Kod określający zawartość txt
Źródło (terminu i kodu) rdacontent
337 ## - TYP MEDIÓW
Tryb odtwarzania Bez urządzenia pośredniczącego
Kod typu mediów n
Źródło (terminu i kodu) rdamedia
338 ## - TYP/RODZAJ NOŚNIKA
Hasło opisujące typ nośnika Wolumin
Kod typu nośnika nc
Źródło (terminu i kodu) rdacarrier
380 ## - FORMA I TYP PUBLIKACJI
Forma i typ publikacji Książki
380 ## - FORMA I TYP PUBLIKACJI
Forma i typ publikacji Publikacje naukowe
380 ## - FORMA I TYP PUBLIKACJI
Forma i typ publikacji Publikacje fachowe
388 ## - CZAS POWSTANIA
Czas powstania 1901-2000
388 ## - CZAS POWSTANIA
Czas powstania 1945-1989
490 1# - STREFA SERII I DOKUMENTU WIELOCZĘŚCIOWEGO - FORMA NIE DO WYSZUKIWANIA
Tytuł i oznaczenie odpowiedzialności serii Prace Komisji Technologii Drewna / Poznańskie Towarzystwo Nauk. Wydział Nauk Technicznych ;
Numeracja w obrębie serii t. 2 z.6
ISSN 0079-4724
504 ## - UWAGA DOTYCZĄCA BIBLIOGRAFII
Informacje o bibliografii Bibliografia na stronach 67-70.
546 ## - UWAGA O JĘZYKU
Uwaga o języku Streszczenie w języku angielskim.
650 #7 - HASŁO PRZEDMIOTOWE W FORMIE NAZWY OGÓLNEJ LUB JEDNOSTKOWEJ
Nazwa ogólna lub geograficzna Drewno
Źródło hasła lub terminu DBN
650 #7 - HASŁO PRZEDMIOTOWE W FORMIE NAZWY OGÓLNEJ LUB JEDNOSTKOWEJ
Nazwa ogólna lub geograficzna Drewno egzotyczne
Źródło hasła lub terminu DBN
650 #7 - HASŁO PRZEDMIOTOWE W FORMIE NAZWY OGÓLNEJ LUB JEDNOSTKOWEJ
Nazwa ogólna lub geograficzna Technologia drewna
Źródło hasła lub terminu DBN
650 #7 - HASŁO PRZEDMIOTOWE W FORMIE NAZWY OGÓLNEJ LUB JEDNOSTKOWEJ
Nazwa ogólna lub geograficzna Fizykochemiczne metody badawcze
655 ## - TERMIN INDEKSOWY - OKREŚLENIE RODZAJU/FORMY DOKUMENTU
Określenie rodzaju/formy dokumentu Raport z badań
658 ## - TERMIN INDEKSOWY - PRZEDMIOT PROGRAMU NAUCZANIA
Główny przedmiot programu nauczania Inżynieria i technika
710 ## - HASŁO DODATKOWE - NAZWA CIAŁA ZBIOROWEGO
Nazwa ciała zbiorowego lub jednostki geograficznej Poznańskie Towarzystwo Przyjaciół Nauk. Wydział Nauk Technicznych
710 ## - HASŁO DODATKOWE - NAZWA CIAŁA ZBIOROWEGO
Kod określenia powiązania pbl
Nazwa ciała zbiorowego lub jednostki geograficznej Poznańskie Towarzystwo Przyjaciół Nauk
830 #0 - HASŁO DODATKOWE SERII LUB DOKUMENTU WIELOCZĘŚCIOWEGO - TYTUŁ UJEDNOLICONY
Tytuł ujednolicony Prace Komisji Technologii Drewna - Poznańskie Towarzystwo Przyjaciół Nauk. Wydział Nauk Technicznych ;
Oznaczenie tomu t. 2 z. 6
856 ## - LOKALIZACJA I DOSTĘP DO ELEKTRONICZNYCH DOKUMENTÓW ZDALNYCH
Link (URL) http://koha.tu.koszalin.pl/cgi-bin/koha/opac-detail.pl?biblionumber=10477
Tekst linku Katalog online BPK
942 ## - DODATKOWE ELEMENTY (KOHA)
Schemat klasyfikacji Uniwersalna Klasyfikacja Dziesiętna
Typ dokumentu Książka
Egzemplarze
Wycofany Status egzemplarza Uszkodzony Dostępność Lokalizacja stała Lokalizacja bieżąca Miejsce przechowywania Sygnatura Kod kreskowy Typ dokumentu
      Dostępny Biblioteka Politechniki Koszalińskiej Biblioteka Politechniki Koszalińskiej Wypożyczalnia BG P 340 01781199 Książka
© 2023 Biblioteka Politechniki Koszalińskiej :: KOHA